Liedtext - Eisbär - Grauzone - Statistiken

Allgemein
  • Dieses Quiz wurde 197 mal gespielt
  • Das Durchschnittsergebnis liegt bei 80 aus 98
Antwortstatistiken
Textquiz % Korrekt
Eis
100%
Eis
100%
Eisbär
98%
Eisbär
98%
Eisbär
98%
Eisbär
98%
Eisbär
98%
Eisbär
98%
Eisbär
98%
Eisbär
98%
Eisbär
98%
ein
90%
ein
90%
ein
90%
ein
90%
Ich
90%
ich
90%
Ich
90%
ich
90%
Ich
90%
ich
90%
Ich
90%
ich
90%
sein
86%
sein
86%
sein
86%
sein
86%
im
84%
im
84%
im
84%
im
84%
möchte
84%
möchte
84%
möchte
84%
möchte
84%
Polar
84%
Polar
84%
Polar
84%
Polar
84%
so
84%
so
84%
so
84%
so
84%
kalten
82%
kalten
82%
kalten
82%
kalten
82%
nicht
82%
nicht
82%
nicht
82%
nicht
82%
wär'
82%
wär'
82%
wär'
82%
wär'
82%
Dann
80%
Dann
80%
Dann
80%
Dann
80%
mehr
80%
mehr
80%
mehr
80%
mehr
80%
Alles
79%
Alles
79%
Alles
79%
Alles
79%
klar
78%
klar
78%
klar
78%
klar
78%
müsste
78%
müsste
78%
müsste
78%
müsste
78%
schrei'n
74%
schrei'n
74%
schrei'n
74%
schrei'n
74%
nie
69%
nie
69%
nie
69%
nie
69%
müssen
67%
müssen
67%
müssen
67%
müssen
67%
weinen
67%
weinen
67%
weinen
67%
weinen
67%
Eisbär'n
66%
Eisbär'n
66%
Eisbär'n
66%
Eisbär'n
66%
Oh
59%
Kaltes
57%
Kaltes
57%
Keine übereinstimmenden Quizze gefunden
Verteilung der Resultate
Anzahl Personen mit jedem Resultat
Perzentil nach korrekt beantworteten Fragen
Ihre Resultats-Entwicklung
Sie haben dieses Quiz noch nicht gespielt